El periodo juvenil visto desde la perspectiva adulta /
Se indagó representaciones sobre la juventud desde la perspectiva de adultos. Se puso de relieve las diferencias entre la juventud de su propia generación y la juventud actual. Dichas diferencias refieren tanto a cambios tecnológicos, socio-culturales, económicos, como a diferencias en el sistema de...
Bewaard in:
| Hoofdauteur: | |
|---|---|
| Andere auteurs: | |
| Formaat: | Texto |
| Onderwerpen: | |
| Tags: |
Voeg label toe
Geen labels, Wees de eerste die dit record labelt!
|
MARC
| LEADER | 00000 a a2200000 04500 | ||
|---|---|---|---|
| 001 | 14579 | ||
| 003 | |||
| 040 | |||
| 100 | |a Pérez, Rolando | ||
| 245 | |a El periodo juvenil visto desde la perspectiva adulta / |c Rolando Pérez | ||
| 520 | |a Se indagó representaciones sobre la juventud desde la perspectiva de adultos. Se puso de relieve las diferencias entre la juventud de su propia generación y la juventud actual. Dichas diferencias refieren tanto a cambios tecnológicos, socio-culturales, económicos, como a diferencias en el sistema de valores y prácticas de crianza | ||
| 650 | |a JUVENTUD | ||
| 650 | |a ADULTOS | ||
| 650 | |a OPINION | ||
| 650 | |a REPRESENTACION SOCIAL | ||
| 650 | |a FAMILIA | ||
| 650 | |a MEDIOS DE COMUNICACION DE MASAS | ||
| 650 | |a COSTA RICA | ||
| 700 | |a Aguilar, Wendy |a Víquez, David | ||
| 773 | |g número 116; páginas 15-33 | ||
| 999 | |c 28378 |d 28378 | ||
| 773 | 0 | |0 18728 |9 3027 |a Universidad de Costa Rica |d San José, Costa Rica Editorial UCR 1956- |o 07097 |t Revista de Ciencias Sociales/ |x 04825276 | |
